The sword of Shannara / (Record no. 9621)
[ view plain ]
| 000 -LEADER | |
|---|---|
| fixed length control field | 01267nam a22002537a 4500 |
| 001 - CONTROL NUMBER | |
| control field | 9621 |
| 003 - CONTROL NUMBER IDENTIFIER | |
| control field | FISKH |
| 005 - DATE AND TIME OF LATEST TRANSACTION | |
| control field | 20260126120212.0 |
| 008 - FIXED-LENGTH DATA ELEMENTS--GENERAL INFORMATION | |
| fixed length control field | 260126b cb ||||| |||| 00| 0 eng d |
| 020 ## - INTERNATIONAL STANDARD BOOK NUMBER | |
| International Standard Book Number | 9781841495484 |
| 040 ## - CATALOGING SOURCE | |
| Original cataloging agency | FISKH |
| Language of cataloging | eng |
| Transcribing agency | FISKH |
| Modifying agency | FISKH |
| 050 ## - LIBRARY OF CONGRESS CALL NUMBER | |
| Classification number | PS3552 .R6596 .S9 |
| 082 ## - DEWEY DECIMAL CLASSIFICATION NUMBER | |
| Classification number | 813.087661 |
| 100 ## - MAIN ENTRY--PERSONAL NAME | |
| Personal name | Brooks, Terry |
| Relator term | Author |
| 245 ## - TITLE STATEMENT | |
| Title | The sword of Shannara / |
| Statement of responsibility, etc. | Terry Brooks |
| 260 ## - PUBLICATION, DISTRIBUTION, ETC. | |
| Place of publication, distribution, etc. | Edinburgh : |
| Name of publisher, distributor, etc. | Orbit , |
| Date of publication, distribution, etc. | 2006 |
| 300 ## - PHYSICAL DESCRIPTION | |
| Extent | 664 pages : |
| Dimensions | 20 cm |
| 490 ## - SERIES STATEMENT | |
| Series statement | The Shannara trilogy : |
| Volume/sequential designation | Book 1 |
| 520 ## - SUMMARY, ETC. | |
| Summary, etc. | Long ago, the wars of the ancient Evil ruined the world. In peaceful Shady Vale, half-elfin Shea Ohmsford knows little of such troubles. But the supposedly dead Warlock Lord is plotting to destroy everything in his wake.The sole weapon against this Power of Darkness is the Sword of Shannara, which can be used only by a trueheir of Shannara. On Shea, last of the bloodline,rests the hope of all the races.<br/>Thus begins the enthralling Shannara epic,a spellbinding tale of adventure, magic, and myth . . .<br/>BONUS: This edition contains an excerpt from Terry Brooks's The Measure of the Magic. |
| 650 ## - SUBJECT ADDED ENTRY--TOPICAL TERM | |
| Topical term or geographic name entry element | Shannara chronicles |
| Form subdivision | Shannara trilogy |
| 650 ## - SUBJECT ADDED ENTRY--TOPICAL TERM | |
| Topical term or geographic name entry element | Epic fantasy |
| Form subdivision | Magic |
| 942 ## - ADDED ENTRY ELEMENTS (KOHA) | |
| Source of classification or shelving scheme | Dewey Decimal Classification |
| Koha item type | Books |
| Suppress in OPAC | No |
| Withdrawn status | Lost status | Source of classification or shelving scheme | Damaged status | Not for loan | Collection | Home library | Current library | Shelving location | Date acquired | Total Checkouts | Full call number | Barcode | Date last seen | Date last checked out | Copy number | Price effective from | Koha item type |
|---|---|---|---|---|---|---|---|---|---|---|---|---|---|---|---|---|---|
| Dewey Decimal Classification | Fiction | Footprints International School Library Network Toul Tom Poung Campus | Footprints International School Library Network Toul Kork Campus | TTP Secondary Fiction Bookshelves | 01/26/2026 | 1 | BRO 813.087661 PS3552 .R6596 .S9 | 2026-0137 | 04/10/2026 | 04/02/2026 | 1 | 01/26/2026 | Books |
